The Collected Writings of Jandhyala B.G. Tilak (Record no. 47411)

MARC details
000 -LEADER
fixed length control field 00721nam a22001817a 4500
005 - DATE AND TIME OF LATEST TRANSACTION
control field 20260515125930.0
008 - FIXED-LENGTH DATA ELEMENTS--GENERAL INFORMATION
fixed length control field 260513b |||||||| |||| 00| 0 eng d
020 ## - INTERNATIONAL STANDARD BOOK NUMBER
International Standard Book Number 9789352872794
040 ## - CATALOGING SOURCE
Transcribing agency VITAP
082 ## - DEWEY DECIMAL CLASSIFICATION NUMBER
Edition number 23rd Ed.
Classification number 378.54 TIL
100 ## - MAIN ENTRY--PERSONAL NAME
Personal name Tilak, Jandhyala B. G.
9 (RLIN) 17448
245 ## - TITLE STATEMENT
Title The Collected Writings of Jandhyala B.G. Tilak
Remainder of title : Dilemmas in Reforming Higher Education in India
Statement of responsibility, etc. / Jandhyala B. G. Tilak
260 ## - PUBLICATION, DISTRIBUTION, ETC.
Place of publication, distribution, etc. Hyderabad
Name of publisher, distributor, etc. Orient BlackSwan Private Limited
Date of publication, distribution, etc. 2018
300 ## - PHYSICAL DESCRIPTION
Extent xxxiii, 518p. : ill. ; 22cm
500 ## - GENERAL NOTE
General note It includes Index Pages.
650 #0 - SUBJECT ADDED ENTRY--TOPICAL TERM
Topical term or geographic name entry element Education; Higher -- India; Educatio, Higher -- India -- Finance; Privatization in education -- India
Source of heading or term
9 (RLIN) 17451
942 ## - ADDED ENTRY ELEMENTS (KOHA)
Source of classification or shelving scheme Dewey Decimal Classification
Koha item type Reference Book
Holdings
Withdrawn status Lost status Source of classification or shelving scheme Materials specified (bound volume or other part) Damaged status Not for loan Collection code Home library Current library Shelving location Date acquired Source of acquisition Cost, normal purchase price Inventory number Total Checkouts Full call number Barcode Date last seen Cost, replacement price Price effective from Koha item type Public note
    Dewey Decimal Classification Hard Bound     Reference School of Business & General Section VIT-AP Reference 2026-04-30 Shah Book House Pvt. Ltd., Hyderabad 2520.00 SBH/41275   378.54 TIL 025799 2026-05-13 2520.00 2026-05-13 Reference Book GEN

Visitor Number: